Pompeii - Bastille Lyrics - Statistics

General Stats
  • This quiz has been taken 935 times
    902 since last reset
  • The average score is 25 of 47
Answer Stats
Hint Answer % Correct
But if you _____ ____ ____ close your eyes
86%
Nothing changed __ ___? at all
85%
In ___ ____ ____ we love the city that
85%
And the walls kept _______ ____ tumbling down
84%
I was left to __ ___ _______ my own devices
82%
And if you _____ ____ ____ close your eyes
80%
Great clouds roll ____ ___ _____ over the hills
79%
You've been ____ _____? here before
77%
____ __ ______ feel like Does it almost
75%
________ ________ from above Bringing darkness
73%
____ __ _____ feel like Does it almost
71%
How am I gonna __ __ ________ _____ ____? be an optimist about this
69%
How am I gonna __ __ ________ _____ ____? be an optimist about this
68%
In ___ ____ ____ we love the city that
58%
Nothing changed __ ___? at all
57%
But if you _____ ____ ____ close your eyes
57%
And the walls kept _______ ____ tumbling down
57%
And if you _____ ____ ____ close your eyes
56%
Great clouds roll ____ ___ _____ over the hills
56%
You've been ____ _____? here before
54%
____ __ _____ feel like Does it almost
53%
________ ________ from above Bringing darkness
52%
____ __ _____ feel like Does it almost
52%
How am I gonna __ __ ________ _____ ____? be an optimist about this
50%
How am I gonna __ __ ________ _____ ____? be an optimist about this
49%
____ ____ ____ away with nothing to show Many days fell
49%
But if you _____ ____ ____ close your eyes
45%
In ___ ____ ____ we love the city that
45%
And the walls kept _______ ____ tumbling down
45%
Oh where do __ _____? we begin
44%
Nothing changed __ ___? at all
43%
And if you _____ ____ ____ close your eyes
43%
Great clouds roll ____ ___ _____ over the hills
43%
____ __ ______ feel like Does it almost
41%
Oh where do __ _____? we begin
41%
________ ________ from above Bringing darkness
40%
You've been ____ _____? here before
40%
____ __ ______ feel like Does it almost
39%
Nothin changed __ ___? at all
37%
How am I gonna __ __ ________ _____ ____? be an optimist about this
37%
If you _____ ____ ____ close your eyes
37%
How am I gonna __ __ ________ _____ ____? be an optimist about this
35%
____ __ ______ feel like Does it almost
33%
We were caught up and ____ __ ___ __ ___ _____ lost in all of our vices
33%
___ ______ __ our sins? The rubble or
29%
___ ______ __ our sins? The rubble or
29%
__ ____ ____ __ ___ dust settled around us In your pose as the
17%
No matching quizzes found
Score Distribution
Percent of People with Each Score
Percentile by Number Answered
Your Score History
You have not taken this quiz since the last reset